<?xml version="1.0" encoding="UTF-8"?>
<record
    xmlns:xsi="http://www.w3.org/2001/XMLSchema-instance"
    xsi:schemaLocation="http://www.loc.gov/MARC21/slim http://www.loc.gov/standards/marcxml/schema/MARC21slim.xsd"
    xmlns="http://www.loc.gov/MARC21/slim">

  <leader>00255nam a22001097a 4500</leader>
  <datafield tag="040" ind1=" " ind2=" ">
    <subfield code="c">SY</subfield>
  </datafield>
  <datafield tag="082" ind1=" " ind2=" ">
    <subfield code="a">343</subfield>
  </datafield>
  <datafield tag="100" ind1=" " ind2=" ">
    <subfield code="a">NA</subfield>
  </datafield>
  <datafield tag="245" ind1=" " ind2=" ">
    <subfield code="a">&#x1785;&#x17D2;&#x1794;&#x17B6;&#x1794;&#x17CB;&#x179F;&#x17D2;&#x178A;&#x17B8;&#x1796;&#x17B8;&#x1787;&#x179B;&#x1795;&#x179B;</subfield>
  </datafield>
  <datafield tag="260" ind1=" " ind2=" ">
    <subfield code="a">&#x1787;&#x179B;&#x1795;&#x179B;&#x1780;&#x1798;&#x17D2;&#x1796;&#x17BB;&#x1787;&#x17B6;</subfield>
    <subfield code="b">NA</subfield>
    <subfield code="c">2006</subfield>
  </datafield>
  <datafield tag="942" ind1=" " ind2=" ">
    <subfield code="c">KB</subfield>
  </datafield>
  <datafield tag="999" ind1=" " ind2=" ">
    <subfield code="c">9683</subfield>
    <subfield code="d">9683</subfield>
  </datafield>
  <datafield tag="952" ind1=" " ind2=" ">
    <subfield code="0">0</subfield>
    <subfield code="1">0</subfield>
    <subfield code="4">0</subfield>
    <subfield code="6">343_000000000000000_NA_2006_C195</subfield>
    <subfield code="7">0</subfield>
    <subfield code="9">51804</subfield>
    <subfield code="a">LBC</subfield>
    <subfield code="b">LBC</subfield>
    <subfield code="c">C195</subfield>
    <subfield code="d">2016-09-07</subfield>
    <subfield code="o">343 NA 2006 C195</subfield>
    <subfield code="p">RUA045370</subfield>
    <subfield code="r">2016-09-07</subfield>
    <subfield code="y">KB</subfield>
  </datafield>
  <datafield tag="952" ind1=" " ind2=" ">
    <subfield code="0">0</subfield>
    <subfield code="1">0</subfield>
    <subfield code="4">0</subfield>
    <subfield code="6">343_000000000000000_NA_2006_C197</subfield>
    <subfield code="7">0</subfield>
    <subfield code="9">52153</subfield>
    <subfield code="a">LBC</subfield>
    <subfield code="b">LBC</subfield>
    <subfield code="c">C197</subfield>
    <subfield code="d">2016-09-15</subfield>
    <subfield code="l">1</subfield>
    <subfield code="o">343 NA 2006 C197</subfield>
    <subfield code="p">A01700</subfield>
    <subfield code="r">2018-08-14</subfield>
    <subfield code="s">2018-08-01</subfield>
    <subfield code="y">KB</subfield>
  </datafield>
</record>
